[Event "Split op 2nd"]
[Site "Split"]
[Date "2012.08.12"]
[Round "2"]
[White "Bartl, Ulf"]
[Black "Farkas, Tibor"]
[Result "0-1"]
[WhiteElo "2027"]
[BlackElo "2253"]
[PlyCount "52"]
[EventDate "2012.08.11"]
[EventType "swiss"]
[EventRounds "9"]
[EventCountry "CRO"]
[SourceTitle "CBM 149 Extra"]
[Source "ChessBase"]
[SourceDate "2012.08.24"]
[SourceVersion "1"]
[SourceVersionDate "2012.08.24"]
[SourceQuality "1"]

1. d4 Nf6 2. c4 g6 3. Nc3 Bg7 4. e4 d6 5. h3 0-0 6. Be3 c5 7. d5 b5 8. cxb5 a6 9. bxa6 Qb6 10. Qc2 Nbd7 11. Nf3 Bxa6 12. Be2 Rfb8 13. Rb1 Bxe2 14. Qxe2 Qa6 15. Qxa6 Rxa6 16. 0-0 Nb6 17. Nd2 Nfd7 18. f4 Na4 19. Nxa4 Rxa4 20. b3 Rxa2 21. Nc4 Nf6 22. Nd2 Rb4 23. Ra1 Rxa1 24. Rxa1 Nxe4 25. Ra8+ Bf8 26. f5 Kg7 0-1

[Event "Pula op 23rd"]
[Site "Pula"]
[Date "2009.06.27"]
[Round "1"]
[White "Bartl, Ulf"]
[Black "Loncar, Robert"]
[Result "0-1"]
[WhiteElo "2015"]
[BlackElo "2435"]
[PlyCount "66"]
[EventDate "2009.06.27"]
[EventType "swiss"]
[EventRounds "9"]
[EventCountry "CRO"]
[SourceTitle "CBM 131 Extra"]
[Source "ChessBase"]
[SourceDate "2009.09.03"]
[SourceVersion "2"]
[SourceVersionDate "2009.09.16"]
[SourceQuality "1"]

1. d4 d5 2. c4 dxc4 3. Nf3 Nf6 4. e3 e6 5. Bxc4 a6 6. Nc3 Nbd7 7. 0-0 b5 8. Bd3 Bb7 9. Qe2 c5 10. Rd1 Qc7 11. a4 c4 12. Bb1 b4 13. Na2 a5 14. e4 Be7 15. Bg5 Nb6 16. Ne5 Ba6 17. Nc1 c3 18. Qc2 Rc8 19. b3 h6 20. Bh4 Nh5 21. Bxe7 Qxe7 22. Ncd3 Bxd3 23. Qxd3 0-0 24. Bc2 Qc7 25. Qf3 Nf6 26. Nd3 Rfe8 27. e5 Nfd7 28. Nf4 Nf8 29. Qg4 Qe7 30. h4 Nd5 31. Nh5 f5 32. exf6 Nxf6 33. Nxf6+ Qxf6 0-1

[Event "AUT-chT2M 0708"]
[Site "Austria"]
[Date "2008.01.27"]
[Round "7.6"]
[White "Bartl, Ulf"]
[Black "Mazi, Leon"]
[Result "0-1"]
[WhiteElo "2071"]
[BlackElo "2348"]
[PlyCount "102"]
[EventDate "2007.10.13"]
[EventType "team-tourn"]
[EventRounds "11"]
[EventCountry "AUT"]
[SourceTitle "EXT 2009"]
[Source "ChessBase"]
[SourceDate "2008.11.26"]
[SourceVersion "1"]
[SourceVersionDate "2008.11.26"]
[SourceQuality "1"]
[WhiteTeam "Villach Admira"]
[BlackTeam "St Veit/Glan"]
[WhiteTeamCountry "AUT"]
[BlackTeamCountry "AUT"]

1. d4 Nf6 2. c4 d6 3. Nc3 e5 4. d5 g6 5. e4 Bg7 6. h3 0-0 7. Be3 Na6 8. Nge2 Nc5 9. Qc2 a5 10. g4 Ne8 11. Ng3 Bf6 12. Qd2 Bh4 13. Rg1 f6 14. 0-0-0 Bd7 15. Kb1 Kh8 16. Be2 Qe7 17. Ka1 a4 18. f3 Ng7 19. Bxc5 dxc5 20. d6 cxd6 21. Qxd6 Qxd6 22. Rxd6 Bc6 23. Nh1 Ne8 24. Rdd1 Nc7 25. Rd6 Bg5 26. Ng3 Be3 27. Rgd1 Bd4 28. Nb5 Bxb5 29. cxb5 a3 30. b6 Na6 31. Bxa6 Rxa6 32. Ne2 Bxb2+ 33. Kb1 Kg7 34. R1d5 Bd4 35. Nxd4 cxd4 36. Rd7+ Rf7 37. Rxf7+ Kxf7 38. Rd7+ Ke6 39. Rxb7 Kd6 40. h4 Kc5 41. Kc1 Rxb6 42. Ra7 Rb2 43. Rxa3 Rf2 44. Ra7 d3 45. Rd7 Kc4 46. Rxh7 Rxa2 47. h5 gxh5 48. gxh5 Kd4 49. Rd7+ Ke3 50. h6 Rc2+ 51. Kb1 Rc8 0-1

[Event "Feffernitz Raika op 16th"]
[Site "Feffernitz"]
[Date "2007.08.25"]
[Round "8"]
[White "Piber, Vinko"]
[Black "Bartl, Ulf"]
[Result "0-1"]
[WhiteElo "1959"]
[BlackElo "2070"]
[PlyCount "67"]
[EventDate "2007.08.19"]
[EventType "swiss"]
[EventRounds "9"]
[EventCountry "AUT"]
[SourceTitle "EXT 2008"]
[Source "ChessBase"]
[SourceDate "2007.11.25"]
[SourceVersion "1"]
[SourceVersionDate "2007.11.25"]
[SourceQuality "1"]

1. e4 e6 2. d4 d5 3. e5 c5 4. c3 Qb6 5. Nf3 Nc6 6. a3 Bd7 7. b4 cxd4 8. cxd4 Rc8 9. Be3 Nh6 10. Bd3 Ng4 11. 0-0 Nxe3 12. fxe3 Be7 13. Nc3 Nxb4 14. Na4 Bxa4 15. Qxa4+ Nc6 16. Rfb1 Qc7 17. Bb5 0-0 18. Bxc6 bxc6 19. Ra2 Rb8 20. Rab2 Rxb2 21. Rxb2 Rb8 22. Rxb8+ Qxb8 23. Qxc6 Bxa3 24. Kf2 h6 25. e4 dxe4 26. Qxe4 Qd8 27. Qe3 Bb4 28. g4 Be7 29. Kg3 a5 30. h4 a4 31. g5 hxg5 32. hxg5 g6 33. Kg4 a3 34. Qb3 0-1

[Event "Feffernitz Raika op 16th"]
[Site "Feffernitz"]
[Date "2007.08.21"]
[Round "4"]
[White "Halvax, Georg"]
[Black "Bartl, Ulf"]
[Result "1/2-1/2"]
[WhiteElo "2032"]
[BlackElo "2070"]
[PlyCount "23"]
[EventDate "2007.08.19"]
[EventType "swiss"]
[EventRounds "9"]
[EventCountry "AUT"]
[SourceTitle "EXT 2008"]
[Source "ChessBase"]
[SourceDate "2007.11.25"]
[SourceVersion "1"]
[SourceVersionDate "2007.11.25"]
[SourceQuality "1"]

1. c4 Nf6 2. Nc3 d5 3. cxd5 Nxd5 4. g3 g6 5. Bg2 Nxc3 6. bxc3 Bg7 7. Rb1 c6 8. d4 0-0 9. Nf3 Nd7 10. 0-0 Qa5 11. Qc2 e5 12. e4 1/2-1/2

[Event "Faakersee op 18th"]
[Site "Latschach"]
[Date "2002.08.14"]
[Round "6"]
[White "Baernthaler, Michael"]
[Black "Bartl, Ulf"]
[Result "0-1"]
[WhiteElo "2036"]
[BlackElo "1899"]
[PlyCount "52"]
[EventDate "2002.08.??"]
[EventType "swiss"]
[EventRounds "9"]
[EventCountry "AUT"]
[SourceTitle "EXT 2006"]
[Source "ChessBase"]
[SourceDate "2005.11.24"]
[SourceVersion "1"]
[SourceVersionDate "2005.11.24"]
[SourceQuality "1"]

1. e4 e6 2. d4 d5 3. Nc3 Bb4 4. e5 c5 5. a3 Bxc3+ 6. bxc3 Qc7 7. Nf3 b6 8. Be2 Ba6 9. 0-0 Bxe2 10. Qxe2 Ne7 11. a4 Nbc6 12. Ba3 cxd4 13. cxd4 0-0 14. c4 Rfc8 15. c5 Na5 16. Nd2 Nb7 17. Nb3 bxc5 18. Nxc5 Nxc5 19. Bxc5 Nc6 20. f4 Na5 21. Ra3 Nb7 22. Rh3 Nxc5 23. Qh5 Ne4 24. f5 Qc4 25. Qxh7+ Kf8 26. Rd1 Qxd4+ 0-1